=LDR 00000nam 2200000 4500 =001 INLIS000000000012016 =005 20130612103549 =008 ***********************************Ind** =035 ##$$0010-061300000012016 =041 ##$$a Ind =082 ##$$a 574.077 =090 ##$$a 574.077, sak b =100 ##$$a Saktiyono =245 ##$$a Biologi untuk SMA, Oleh Suktiyono =260 ##$$a 1989 $b Klaten =300 ##$$a ...Jil, Ilus, 21 cm =650 ##$$a Biologi =650 ##$$a Studi dan Pengajaran =850 ##$$a NBPNMAT